Let’s talk 2 Teacher's Manual. Quizzes and tests .Audio CD
Đã lưu trong:
| Hovedforfatter: | |
|---|---|
| Format: | Bog |
| Sprog: | English |
| Udgivet: |
New York
Cambridge University Press
2008
|
| Udgivelse: | 2nd ed |
| Fag: | |
| Tags: |
Tilføj Tag
Ingen Tags, Vær først til at tagge denne postø!
|
| Thư viện lưu trữ: | Trung tâm Học liệu Lê Vũ Hùng, Trường Đại học Đồng Tháp |
|---|
| LEADER | 01674pmm a22003018a 4500 | ||
|---|---|---|---|
| 001 | 00030308 | ||
| 005 | 20171026081022.0 | ||
| 008 | 130111s2008 ||||||engsd | ||
| 020 | # | # | |a 9780521692854 |
| 041 | 0 | # | |a eng |
| 082 | 1 | 4 | |a 428 |b L207S |
| 100 | 1 | # | |a Jones, Leo |
| 245 | 1 | 0 | |h nguồn liệu điện tử] |a Let’s talk 2 |b Teacher's Manual. Quizzes and tests .Audio CD |c Leo Jones |
| 250 | # | # | |a 2nd ed |
| 260 | # | # | |a New York |b Cambridge University Press |c 2008 |
| 300 | # | # | |a 1 CD |c 4 3/4 in. |e sách |
| 653 | # | # | |a Anh ngữ thực hành |
| 653 | # | # | |a Ngữ pháp |
| 653 | # | # | |a Đĩa CD |
| 653 | # | # | |a Từ vựng |
| 653 | # | # | |a Tiếng Anh |
| 852 | # | # | |j DPT.0000471 |j DPT.0000473 |j DPT.0000474 |j DPT.0000476 |j DPT.0000479 |j DPT.0000481 |j DPT.0000482 |j DPT.0000484 |j DPT.0000485 |j DPT.0000489 |j DPT.0000490 |j DPT.0000462 |j DPT.0000464 |j DPT.0000465 |j DPT.0000467 |j DPT.0000460 |j DPT.0000461 |j DPT.0000477 |j DPT.0000478 |j DPT.0000486 |j DPT.0000487 |j DPT.0000312 |j DPT.0000480 |j DPT.0000483 |j DPT.0000488 |j DPT.0000491 |j DPT.0000463 |j DPT.0000466 |j DPT.0000472 |j DPT.0000475 |
| 852 | # | # | |b Kho đa phương tiện |j DPT.0000312, DPT.0000460, DPT.0000461, DPT.0000462, DPT.0000463, DPT.0000464, DPT.0000465, DPT.0000466, DPT.0000467, DPT.0000470, DPT.0000471, DPT.0000472, DPT.0000473, DPT.0000474, DPT.0000475, DPT.0000476, DPT.0000477, DPT.0000478, DPT.0000479, DPT.0000480, DPT.0000481, DPT.0000482, DPT.0000483, DPT.0000484, DPT.0000485, DPT.0000486, DPT.0000487, DPT.0000488, DPT.0000489, DPT.0000490, DPT.0000491 |
| 910 | |d 11/01/2013 | ||
| 980 | # | # | |a Trung tâm Học liệu Lê Vũ Hùng, Trường Đại học Đồng Tháp |


